|
|
|
|
| LEADER |
01776nas a2200373 i 4500 |
| 001 |
c000258321 |
| 003 |
CARM |
| 005 |
20170410161811.0 |
| 008 |
850805c19829999geaar r b 0 00eng d |
| 019 |
1 |
|
|a 24432790
|z 40744989
|z 45776470
|5 LACONCORD2021
|
| 022 |
|
|
|a 0813-5347
|
| 035 |
|
|
|a (OCoLC)37170020
|5 LACONCORD2021
|
| 040 |
|
|
|a VCAV
|c VCAV
|
| 043 |
|
|
|a u-at-qn
|
| 082 |
0 |
4 |
|a 378.9436
|a 011
|
| 110 |
2 |
|
|a James Cook University of North Queensland.
|
| 222 |
|
0 |
|a Bibliographic record - James Cook University of North Queensland
|
| 245 |
1 |
0 |
|a Bibliographic record /
|c James Cook University of North Queensland.
|
| 260 |
|
|
|a [Townsville, Qld.] :
|b The University,
|c 1982-.
|
| 300 |
|
|
|a v. ;
|c 24 cm.
|
| 362 |
0 |
|
|a 1 Jan. 1981/31 Dec. 1982-
|
| 500 |
|
|
|a Cover title.
|
| 610 |
2 |
0 |
|a James Cook University of North Queensland
|x Bibliography
|x Periodicals.
|
| 780 |
0 |
0 |
|a James Cook University of North Queensland.
|t Research and publications report
|x 0312-9012
|
| 852 |
8 |
|
|b CARM
|h A1:AP22C0
|i F01836
|p 0369215
|j 1985
|f SE
|
| 852 |
8 |
|
|b CARM
|h A1:AP20B0
|i C09195
|p 0371587
|j v1981/82
|f SE
|
| 852 |
8 |
|
|b CARM
|h A1:AP20B0
|i C09195
|p 0371588
|j 1983
|f SE
|
| 852 |
8 |
|
|b CARM
|h A1:AP20B0
|i C09195
|p 0371589
|j 1984
|f SE
|
| 866 |
|
0 |
|a 1981/82-1985
|
| 999 |
f |
f |
|i a0df97c9-31dc-52ae-bd61-3c16ea3c9e5c
|s 95b3b022-cfc6-5d52-846e-497bbf32b223
|
| 952 |
f |
f |
|p Can circulate
|a CAVAL
|b CAVAL
|c CAVAL
|d CARM 1 Store
|e C09195
|f A1:AP20B0
|h Other scheme
|i book
|k 1984
|m 0371589
|
| 952 |
f |
f |
|p Can circulate
|a CAVAL
|b CAVAL
|c CAVAL
|d CARM 1 Store
|e C09195
|f A1:AP20B0
|h Other scheme
|i book
|k 1981/82
|m 0371587
|
| 952 |
f |
f |
|p Can circulate
|a CAVAL
|b CAVAL
|c CAVAL
|d CARM 1 Store
|e F01836
|f A1:AP22C0
|h Other scheme
|i book
|k 1985
|m 0369215
|
| 952 |
f |
f |
|p Can circulate
|a CAVAL
|b CAVAL
|c CAVAL
|d CARM 1 Store
|e C09195
|f A1:AP20B0
|h Other scheme
|i book
|k 1983
|m 0371588
|